Adding up the Bill (Record no. 71965)

MARC details
000 -LEADER
fixed length control field 01324cam a2200253 4500
001 - CONTROL NUMBER
control field ABS66372
008 - FIXED-LENGTH DATA ELEMENTS--GENERAL INFORMATION
fixed length control field 030123n2003 000 0 eng u
035 ## - SYSTEM CONTROL NUMBER
System control number (Sirsi) u121105
100 ## - MAIN ENTRY--PERSONAL NAME
Personal name Partridge, C.
245 ## - TITLE STATEMENT
Title Adding up the Bill
260 ## - PUBLICATION, DISTRIBUTION, ETC.
Date of publication, distribution, etc. 2003
490 ## - SERIES STATEMENT
Series statement Estates Gazette
Volume/sequential designation (0303) 18 January 2003, 118-119(2)
520 ## - SUMMARY, ETC.
Summary, etc. Looks at the Local Government Bill 2002, and highlights the relevant parts for surveyors. Part 3 outlines future arrangements for calculating grants from central government, including arrangements of payments and accounting; Part 4 deals with business improvement districts (BIDs); Part 5 sets out proposed changes in the rules relating to non-domestic rates; and Part 6 deals with changes to council tax. Discusses in detail the scope and implications of Part 5 and concludes that the reforms are extensive and should be studied in detail. View at www.publications.parliament.uk/.
590 ## - LOCAL NOTE (RLIN)
Local note ABS
650 ## - SUBJECT ADDED ENTRY--TOPICAL TERM
Topical term or geographic name entry element LOCAL GOVERNMENT BILL
650 ## - SUBJECT ADDED ENTRY--TOPICAL TERM
Topical term or geographic name entry element FINANCE
650 ## - SUBJECT ADDED ENTRY--TOPICAL TERM
Topical term or geographic name entry element GRANTS
650 ## - SUBJECT ADDED ENTRY--TOPICAL TERM
Topical term or geographic name entry element BUSINESS IMPROVEMENT DISTRICTS
650 ## - SUBJECT ADDED ENTRY--TOPICAL TERM
Topical term or geographic name entry element COUNCIL TAX
650 ## - SUBJECT ADDED ENTRY--TOPICAL TERM
Topical term or geographic name entry element NON-DOMESTIC RATES
690 ## - LOCAL SUBJECT ADDED ENTRY--TOPICAL TERM (OCLC, RLIN)
Topical term or geographic name as entry element LOCAL GOVERNMENT
856 ## - ELECTRONIC LOCATION AND ACCESS
Uniform Resource Identifier <a href="https://www.publications.parliament.uk/pa/cm200203/cmbills/009/03009.i-viii.html">https://www.publications.parliament.uk/pa/cm200203/cmbills/009/03009.i-viii.html</a>
Public note View the Bill on the UK parliament website...
942 ## - ADDED ENTRY ELEMENTS (KOHA)
Suppress in OPAC 0
Holdings
Withdrawn status Lost status Source of classification or shelving scheme Damaged status Not for loan Home library Current library Shelving location Date acquired Total Checkouts Full call number Barcode Date last seen Copy number Price effective from Koha item type
    Dewey Decimal Classification     London London Journal article 23/01/2003   ABS66372 121105-1001 06/08/2019 1 06/08/2019 Journal article